| 000 | 00540nam a2200181Ii 4500 | ||
|---|---|---|---|
| 020 | _a0787939633 | ||
| 040 | _cUUW | ||
| 082 | 0 | 0 | _a374 UWM 1994 C150 Or. |
| 100 | _aVella, Jane Kathryn, | ||
| 245 | 1 | 0 |
_aLearning to listen, learning to teach : _bthe power of dialogue in educating adults / |
| 250 | _aFirst paperback edition. | ||
| 300 |
_axxi, 202 pages ; _c24 cm. |
||
| 490 | 1 | _aThe Jossey-Bass higher and adult education series. | |
| 650 | 0 | _aAdult learning. | |
| 650 | 0 | _aAdult education. | |
| 650 | 0 | _aTeaching. | |
| 942 | _cAEDBB | ||
| 999 |
_c18657 _d18657 |
||